[Event "NRW Class1 1819"]
[Site "Germany"]
[Date "2019.04.14"]
[Round "8.8"]
[White "Kuehler, Andreas"]
[Black "Boyko, Oleksiy"]
[Result "1/2-1/2"]
[WhiteElo "1876"]
[BlackElo "1867"]
[PlyCount "105"]
[EventDate "2018.09.16"]
[EventType "team-tourn"]
[EventRounds "9"]
[EventCountry "GER"]
[SourceTitle "EXT 2022"]
[Source "ChessBase"]
[SourceDate "2021.10.06"]
[SourceVersion "1"]
[SourceVersionDate "2021.10.06"]
[SourceQuality "1"]
[WhiteTeam "Lippstadt Turm"]
[BlackTeam "Weidenau/Geisweid"]
[WhiteTeamCountry "GER"]
[BlackTeamCountry "GER"]

1. d4 Nf6 2. Bf4 g6 3. Nc3 d5 4. Nf3 Bg7 5. e3 0-0 6. Be2 c6 7. h4 Nbd7 8. h5 Nxh5 9. Rxh5 gxh5 10. Ng5 e5 11. Bd3 h6 12. Bh7+ Kh8 13. dxe5 Nxe5 14. Qxh5 Qf6 15. f3 Ng6 16. Bxg6 fxg6 17. Qh2 Kg8 18. Nh3 Qh4+ 19. Bg3 Qb4 20. 0-0-0 Bxc3 21. bxc3 Qxc3 22. Be5 Qxe3+ 23. Kb1 Bxh3 24. Bd4 Qe2 25. Rh1 Qe6 26. Qg3 Rae8 27. gxh3 b6 28. f4 Rf5 29. Be5 Kh7 30. Rg1 Rg8 31. h4 c5 32. Re1 Qd7 33. Qh3 d4 34. Qd3 Re8 35. Rg1 Qe7 36. h5 Ref8 37. Rxg6 R8f7 38. Rg7+ Rxg7 39. Qxf5+ Kg8 40. Qc8+ Kh7 41. Qf5+ Kg8 42. Qc8+ Qf8 43. Qe6+ Kh7 44. Bxg7 Kxg7 45. Qg6+ Kh8 46. f5 Qg7 47. Qe8+ Kh7 48. Qe6 Qg1+ 49. Kb2 Qe3 50. Qg6+ Kh8 51. f6 Qc3+ 52. Kc1 Qe1+ 53. Kb2 1/2-1/2

[Event "NRW Class1 1819"]
[Site "Germany"]
[Date "2018.11.18"]
[Round "3.8"]
[White "Kuehler, Andreas"]
[Black "Fehmer, Carsten"]
[Result "1/2-1/2"]
[WhiteElo "1876"]
[BlackElo "2060"]
[PlyCount "36"]
[EventDate "2018.09.16"]
[EventType "team-tourn"]
[EventRounds "9"]
[EventCountry "GER"]
[SourceTitle "EXT 2022"]
[Source "ChessBase"]
[SourceDate "2021.10.06"]
[SourceVersion "1"]
[SourceVersionDate "2021.10.06"]
[SourceQuality "1"]
[WhiteTeam "Lippstadt Turm"]
[BlackTeam "Krefelder Turm"]
[WhiteTeamCountry "GER"]
[BlackTeamCountry "GER"]

1. d4 e6 2. Nf3 f5 3. Nc3 d5 4. Bg5 Nf6 5. e3 Be7 6. Ne5 0-0 7. Be2 Ne4 8. Bxe7 Qxe7 9. Nxe4 fxe4 10. 0-0 Nd7 11. f4 Nxe5 12. fxe5 Bd7 13. Qd2 Qg5 14. Rxf8+ Rxf8 15. Rf1 Rxf1+ 16. Bxf1 Be8 17. Qf2 c5 18. c3 c4 1/2-1/2